[Event "Nuremberg LGA Cup-B 10th"]
[Site "Nuremberg"]
[Date "2013.09.08"]
[Round "7"]
[White "Renner, Christoph"]
[Black "Gabriel, Christian"]
[Result "1/2-1/2"]
[WhiteElo "2402"]
[BlackElo "2495"]
[PlyCount "142"]
[EventDate "2013.09.05"]
[EventType "tourn"]
[EventRounds "7"]
[EventCountry "GER"]
[EventCategory "9"]
[SourceTitle "CBM 156 Extra"]
[Source "ChessBase"]
[SourceDate "2013.10.22"]
[SourceVersion "1"]
[SourceVersionDate "2013.10.22"]
[SourceQuality "1"]

1. d4 d5 2. Bf4 c6 3. e3 Bf5 4. Bd3 Bg6 5. Nf3 Nd7 6. 0-0 e6 7. c4 Ngf6 8. Nc3 Be7 9. Rc1 0-0 10. h3 Qa5 11. a3 Qa6 12. Bxg6 hxg6 13. cxd5 exd5 14. Qc2 Rfe8 15. Rfe1 Bf8 16. Nd2 Re6 17. b4 Qxa3 18. Ra1 Qxb4 19. Reb1 Qe7 20. Rxb7 a5 21. Na4 Qd8 22. Nf3 Ra6 23. Rab1 Bb4 24. Nc5 Nxc5 25. Rb8 Qxb8 26. Bxb8 Ncd7 27. Bf4 Ne4 28. Ng5 Nxg5 29. Bxg5 Nb6 30. Bd8 Nc4 31. Qa4 Re8 32. Bc7 Rea8 33. g4 R8a7 34. Bf4 Rb7 35. h4 Rb5 36. h5 g5 37. Bc7 Ra7 38. Bg3 Rab7 39. Kg2 Bf8 40. Re1 R7b6 41. e4 Rb4 42. Qc2 Rb2 43. Qc1 Rb1 44. Qxb1 Rxb1 45. Rxb1 Bb4 46. exd5 cxd5 47. f4 gxf4 48. Bxf4 Bc3 49. Rb3 Bxd4 50. Rd3 Bb6 51. Rxd5 a4 52. Kf3 a3 53. Be5 Nxe5+ 54. Rxe5 Kh7 55. Re4 g6 56. Ra4 gxh5 57. gxh5 Bc5 58. Ra6 Bb4 59. Ke4 Bc5 60. Ke5 Bb4 61. Kf5 Kg7 62. h6+ Kh7 63. Ra4 Bd2 64. Rxa3 Kxh6 65. Rg3 Bc1 66. Kf6 Kh5 67. Kxf7 Bf4 68. Rg2 Kh4 69. Ke6 Kh3 70. Ra2 Kg3 71. Kf5 Kf3 1/2-1/2

[Event "Nuremberg LGA Cup-B 10th"]
[Site "Nuremberg"]
[Date "2013.09.06"]
[Round "2"]
[White "Maiwald, Jens Uwe"]
[Black "Gabriel, Christian"]
[Result "1/2-1/2"]
[WhiteElo "2460"]
[BlackElo "2495"]
[PlyCount "88"]
[EventDate "2013.09.05"]
[EventType "tourn"]
[EventRounds "7"]
[EventCountry "GER"]
[EventCategory "9"]
[SourceTitle "CBM 156 Extra"]
[Source "ChessBase"]
[SourceDate "2013.10.22"]
[SourceVersion "1"]
[SourceVersionDate "2013.10.22"]
[SourceQuality "1"]

1. Nf3 g6 2. d4 Bg7 3. c4 c5 4. d5 f5 5. g3 a6 6. Bg2 b5 7. e4 fxe4 8. Ng5 Nf6 9. Nc3 bxc4 10. h4 h6 11. Ngxe4 d6 12. Qa4+ Nbd7 13. 0-0 0-0 14. Qxc4 Ne5 15. Qe2 Bg4 16. f3 Nxe4 17. Nxe4 Bd7 18. a4 c4 19. Nf2 Bf5 20. Ra3 Rb8 21. f4 Nd3 22. Nxd3 Bxd3 23. Rxd3 cxd3 24. Qxd3 Qb6+ 25. Kh2 Rf6 26. Re1 Rb7 27. Re2 a5 28. Bd2 Qxb2 29. Bxa5 Qb3 30. Qxb3 Rxb3 31. Rxe7 g5 32. hxg5 hxg5 33. fxg5 Rf5 34. Bd2 Be5 35. Rxe5 dxe5 36. Kh3 Rf2 37. Ba5 Kf7 38. Be4 Re2 39. Bf5 Ree3 40. Bd8 Rxg3+ 41. Kh4 Rg1 42. d6 Rh1+ 43. Kg4 Rg1+ 44. Kh5 Rh1+ 1/2-1/2

[Event "Bundesliga 0910"]
[Site "Germany"]
[Date "2010.03.21"]
[Round "13.8"]
[White "Gabriel, Christian"]
[Black "Abel, Dennes"]
[Result "1/2-1/2"]
[WhiteElo "2507"]
[BlackElo "2380"]
[PlyCount "57"]
[EventDate "2009.10.16"]
[EventType "team-tourn"]
[EventRounds "15"]
[EventCountry "GER"]
[SourceTitle "EXT 2011"]
[Source "ChessBase"]
[SourceDate "2010.11.26"]
[SourceVersion "1"]
[SourceVersionDate "2010.11.26"]
[SourceQuality "1"]
[WhiteTeam "Solingen"]
[BlackTeam "Berlin SF"]
[WhiteTeamCountry "GER"]
[BlackTeamCountry "GER"]

1. d4 d5 2. c4 c6 3. Nf3 Nf6 4. Nc3 e6 5. e3 Nbd7 6. Bd3 dxc4 7. Bxc4 b5 8. Be2 Bb7 9. 0-0 Be7 10. a3 a5 11. Ne1 0-0 12. Nd3 Qb6 13. Bd2 c5 14. dxc5 Bxc5 15. Nxc5 Nxc5 16. Nxb5 Rfd8 17. Qe1 Nd3 18. Bxd3 Rxd3 19. a4 Ne4 20. Rd1 Qd8 21. Bc3 Nxc3 22. Nxc3 Qg5 23. e4 Rad8 24. Rxd3 Rxd3 25. Qc1 Qd8 26. f3 h6 27. Kh1 Bc6 28. h3 Qd7 29. Rd1 1/2-1/2

[Event "Bundesliga 0708"]
[Site "Germany"]
[Date "2007.12.08"]
[Round "5.8"]
[White "Schneider, Ilja"]
[Black "Gabriel, Christian"]
[Result "1/2-1/2"]
[WhiteElo "2442"]
[BlackElo "2508"]
[PlyCount "46"]
[EventDate "2007.10.20"]
[EventType "team-tourn"]
[EventRounds "15"]
[EventCountry "GER"]
[SourceTitle "CBM 123"]
[Source "ChessBase"]
[SourceDate "2008.04.02"]
[SourceVersion "1"]
[SourceVersionDate "2008.04.02"]
[SourceQuality "1"]
[WhiteTeam "Bindlach"]
[BlackTeam "Solingen"]
[WhiteTeamCountry "GER"]
[BlackTeamCountry "GER"]

1. e4 e5 2. Nf3 Nc6 3. Bb5 a6 4. Ba4 Nf6 5. 0-0 Be7 6. Re1 b5 7. Bb3 d6 8. c3 0-0 9. d4 Bg4 10. Be3 exd4 11. cxd4 Na5 12. Bc2 c5 13. dxc5 dxc5 14. Nc3 Nc4 15. e5 Qxd1 16. Raxd1 Nd7 17. Bc1 Ra7 18. Be4 Ncxe5 19. Nxe5 Nxe5 20. f3 Be6 21. Bd5 Bxd5 22. Nxd5 f6 23. Bf4 Bd6 1/2-1/2

[Event "Bundesliga 0708"]
[Site "Germany"]
[Date "2007.12.02"]
[Round "4.8"]
[White "Gabriel, Christian"]
[Black "Meinhardt, Maximilian"]
[Result "1-0"]
[WhiteElo "2508"]
[BlackElo "2390"]
[PlyCount "68"]
[EventDate "2007.10.20"]
[EventType "team-tourn"]
[EventRounds "15"]
[EventCountry "GER"]
[SourceTitle "CBM 123"]
[Source "ChessBase"]
[SourceDate "2008.04.02"]
[SourceVersion "1"]
[SourceVersionDate "2008.04.02"]
[SourceQuality "1"]
[WhiteTeam "Solingen"]
[BlackTeam "Eppingen"]
[WhiteTeamCountry "GER"]
[BlackTeamCountry "GER"]

1. d4 d5 2. c4 e6 3. Nf3 c5 4. cxd5 exd5 5. g3 Nc6 6. Bg2 Nf6 7. 0-0 Be7 8. dxc5 Bxc5 9. a3 a6 10. b4 Ba7 11. Bb2 0-0 12. Nbd2 Re8 13. Nb3 Qe7 14. e3 Bg4 15. Bxf6 Qxf6 16. Qxd5 Be6 17. Qd1 Rad8 18. Nbd2 Bd5 19. Qc2 Rc8 20. Rac1 Ne7 21. Qd3 Rcd8 22. Qc3 Qh6 23. Rfd1 Qh5 24. Ne1 Nf5 25. Nf1 Bxg2 26. Rxd8 Rxd8 27. Kxg2 Bb6 28. Nf3 h6 29. a4 a5 30. bxa5 Bxa5 31. Qe5 Rd5 32. Rc8+ Kh7 33. Qe4 Rd6 34. Nd4 g6 1-0

[Event "SUI-chT"]
[Site "Switzerland"]
[Date "2007.09.29"]
[Round "8.3"]
[White "Landenbergue, Claude"]
[Black "Gabriel, Christian"]
[Result "1/2-1/2"]
[WhiteElo "2424"]
[BlackElo "2552"]
[PlyCount "21"]
[EventDate "2007.02.25"]
[EventType "team-tourn"]
[EventRounds "9"]
[EventCountry "SUI"]
[SourceTitle "EXT 2008"]
[Source "ChessBase"]
[SourceDate "2007.11.25"]
[SourceVersion "1"]
[SourceVersionDate "2007.11.25"]
[SourceQuality "1"]
[WhiteTeam "Biel"]
[BlackTeam "Zuerich"]
[WhiteTeamCountry "SUI"]
[BlackTeamCountry "SUI"]

1. e4 e5 2. Nf3 Nc6 3. Nc3 Nf6 4. Bb5 Bb4 5. 0-0 0-0 6. Bxc6 dxc6 7. Nxe5 Bxc3 8. dxc3 Qxd1 9. Rxd1 Nxe4 10. Bf4 Bf5 11. Nd3 1/2-1/2

[Event "SUI-chT"]
[Site "Switzerland"]
[Date "2007.09.02"]
[Round "7.2"]
[White "Ekstroem, Roland"]
[Black "Gabriel, Christian"]
[Result "1/2-1/2"]
[WhiteElo "2490"]
[BlackElo "2552"]
[PlyCount "97"]
[EventDate "2007.02.25"]
[EventType "team-tourn"]
[EventRounds "9"]
[EventCountry "SUI"]
[SourceTitle "EXT 2008"]
[Source "ChessBase"]
[SourceDate "2007.11.25"]
[SourceVersion "1"]
[SourceVersionDate "2007.11.25"]
[SourceQuality "1"]
[WhiteTeam "Riehen"]
[BlackTeam "Zuerich"]
[WhiteTeamCountry "SUI"]
[BlackTeamCountry "SUI"]

1. e4 e5 2. Nf3 Nc6 3. Bb5 a6 4. Ba4 Nf6 5. 0-0 Be7 6. Re1 b5 7. Bb3 d6 8. c3 0-0 9. h3 Nb8 10. d4 Nbd7 11. Nbd2 Bb7 12. Bc2 Re8 13. a4 Bf8 14. Bd3 c6 15. b4 Nb6 16. axb5 axb5 17. Rxa8 Bxa8 18. Nb3 Nfd7 19. dxe5 Nxe5 20. Nxe5 Rxe5 21. Nd4 g6 22. Nf3 Re8 23. Bg5 Qc7 24. Bf4 c5 25. bxc5 Qxc5 26. Be3 Qc7 27. Qb3 d5 28. Qxb5 Rb8 29. exd5 Nxd5 30. Qc4 Qxc4 31. Bxc4 Nxe3 32. Rxe3 Bh6 33. Re7 Rb1+ 34. Kh2 Bxf3 35. Rxf7 Be2 36. Rb7+ Bxc4 37. Rxb1 Bf8 38. f4 Kf7 39. Rb7+ Be7 40. Rc7 Be6 41. g3 Ke8 42. Ra7 h5 43. h4 Bf6 44. Ra3 Kd7 45. Ra7+ Kd6 46. Ra6+ Ke7 47. Ra7+ Kd6 48. Ra6+ Ke7 49. Ra7+ 1/2-1/2

[Event "SUI-chT"]
[Site "Switzerland"]
[Date "2007.03.24"]
[Round "1.4"]
[White "Gabriel, Christian"]
[Black "Serafimov, Tervel"]
[Result "1/2-1/2"]
[WhiteElo "2552"]
[BlackElo "2413"]
[PlyCount "69"]
[EventDate "2007.02.25"]
[EventType "team-tourn"]
[EventRounds "9"]
[EventCountry "SUI"]
[SourceTitle "CBM 117 Extra"]
[Source "ChessBase"]
[SourceDate "2007.05.09"]
[SourceVersion "1"]
[SourceVersionDate "2007.05.09"]
[SourceQuality "1"]
[WhiteTeam "Zuerich"]
[BlackTeam "Basel"]
[WhiteTeamCountry "SUI"]
[BlackTeamCountry "SUI"]

1. d4 g6 2. c4 Bg7 3. Nc3 d6 4. Nf3 Nc6 5. d5 Nb8 6. e4 Nf6 7. h3 0-0 8. Bd3 c5 9. 0-0 Nbd7 10. Bg5 Ne8 11. Qd2 Nc7 12. Rfe1 Ne5 13. Nxe5 Bxe5 14. f4 Bg7 15. e5 f6 16. exd6 exd6 17. Bh4 Bd7 18. Qc2 Qc8 19. f5 Bxf5 20. Bxf5 Qxf5 21. Qxf5 gxf5 22. Rf1 f4 23. Rxf4 f5 24. Raf1 Bxc3 25. bxc3 Rae8 26. Bg3 Re3 27. R4f3 Rxf3 28. Rxf3 Rf6 29. Bh4 Rf7 30. Bd8 Na8 31. Re3 Kf8 32. Bg5 Rd7 33. Rf3 Rf7 34. Bf4 Rf6 35. Bg5 1/2-1/2

[Event "Bundesliga 0607"]
[Site "Germany"]
[Date "2006.11.18"]
[Round "3.6"]
[White "Gabriel, Christian"]
[Black "Meier, Georg"]
[Result "0-1"]
[WhiteElo "2540"]
[BlackElo "2484"]
[PlyCount "100"]
[EventDate "2006.10.28"]
[EventType "team-tourn"]
[EventRounds "15"]
[EventCountry "GER"]
[SourceTitle "EXT 2007"]
[Source "ChessBase"]
[SourceDate "2006.11.23"]
[SourceVersion "1"]
[SourceVersionDate "2006.11.23"]
[SourceQuality "1"]
[WhiteTeam "Solingen"]
[BlackTeam "Eppingen"]
[WhiteTeamCountry "GER"]
[BlackTeamCountry "GER"]

1. d4 e6 2. c4 Nf6 3. Nf3 Bb4+ 4. Bd2 c5 5. Bxb4 cxb4 6. e3 0-0 7. Be2 b6 8. 0-0 Bb7 9. Ne1 d6 10. Nd3 a5 11. a3 bxa3 12. bxa3 Qc7 13. Qb3 Ba6 14. Rc1 Rc8 15. Nd2 Nbd7 16. Rab1 e5 17. h3 Re8 18. Qd1 Rac8 19. a4 Qd8 20. Bf1 h6 21. Qb3 Qe7 22. Nb2 Bb7 23. Bd3 exd4 24. exd4 Nh5 25. Bf1 Nf4 26. Nf3 Be4 27. Ra1 Qf6 28. Rc3 Bxf3 29. Rxf3 Qxd4 30. Rd1 Qe5 31. Qb5 Nf6 32. Qxe5 dxe5 33. Rb3 Re6 34. g3 Ng6 35. h4 Rec6 36. Rb5 e4 37. h5 Nf8 38. Rb1 N8d7 39. Nd1 Rc5 40. Nc3 Rxb5 41. Rxb5 Rc5 42. Be2 Rxb5 43. Nxb5 Nc5 44. Bd1 Kf8 45. Nd6 Nfd7 46. Bc2 Ke7 47. Nf5+ Kf6 48. g4 Ne5 49. Ne3 Kg5 50. Bd1 Ned3 0-1

[Event "Bundesliga 0607"]
[Site "Germany"]
[Date "2006.10.28"]
[Round "1.7"]
[White "Gabriel, Christian"]
[Black "Dautov, Rustem"]
[Result "0-1"]
[WhiteElo "2540"]
[BlackElo "2577"]
[PlyCount "84"]
[EventDate "2006.10.28"]
[EventType "team-tourn"]
[EventRounds "15"]
[EventCountry "GER"]
[SourceTitle "EXT 2007"]
[Source "ChessBase"]
[SourceDate "2006.11.23"]
[SourceVersion "1"]
[SourceVersionDate "2006.11.23"]
[SourceQuality "1"]
[WhiteTeam "Solingen"]
[BlackTeam "Baden-Baden"]
[WhiteTeamCountry "GER"]
[BlackTeamCountry "GER"]

1. e4 c6 2. d3 d5 3. Nd2 g6 4. g3 e5 5. Bg2 Bg7 6. Ngf3 Ne7 7. 0-0 0-0 8. b3 b6 9. Bb2 f6 10. Qe2 d4 11. b4 a5 12. a3 Be6 13. Nc4 Nd7 14. Nfd2 axb4 15. axb4 Qc7 16. c3 Rxa1 17. Rxa1 b5 18. Na3 dxc3 19. Bxc3 Nb6 20. Nf3 Na4 21. Bd2 Qd6 22. Bf1 Rd8 23. Nc2 f5 24. Ra3 h6 25. Qe3 g5 26. exf5 Nxf5 27. Qe4 Rf8 28. Bg2 Bd5 29. Qe2 Qf6 30. Nfe1 Qf7 31. Be4 Nd6 32. f3 Nxe4 33. dxe4 Bc4 34. Qf2 g4 35. Ne3 Be6 36. Nd1 Qg6 37. Qe3 gxf3 38. Nxf3 Qf7 39. Kg2 Qh5 40. Nf2 Nb2 41. Qe2 Bc4 42. Qe3 Bf1+ 0-1

[Event "EU-Cup 22nd"]
[Site "Fuegen"]
[Date "2006.10.10"]
[Round "3.2"]
[White "Gabriel, Christian"]
[Black "Hochstrasser, Michael"]
[Result "1/2-1/2"]
[WhiteElo "2540"]
[BlackElo "2363"]
[PlyCount "39"]
[EventDate "2006.10.08"]
[EventType "team-swiss"]
[EventRounds "7"]
[EventCountry "AUT"]
[SourceTitle "CBM 115"]
[Source "ChessBase"]
[SourceDate "2006.11.15"]
[SourceVersion "1"]
[SourceVersionDate "2006.11.15"]
[SourceQuality "1"]
[WhiteTeam "Zuerich"]
[BlackTeam "Wollishofen"]
[WhiteTeamCountry "SUI"]
[BlackTeamCountry "SUI"]

1. d4 d5 2. c4 c6 3. Nc3 dxc4 4. e3 b5 5. a4 b4 6. Na2 e6 7. Bxc4 Nf6 8. Nf3 Nbd7 9. 0-0 Bb7 10. Qb3 Qb6 11. e4 Be7 12. Re1 0-0 13. Bg5 c5 14. e5 Nd5 15. Bxe7 Nxe7 16. dxc5 Nxc5 17. Qxb4 Qxb4 18. Nxb4 Bxf3 19. gxf3 Rfb8 20. Nd3 1/2-1/2

[Event "SUI-chT"]
[Site "Switzerland"]
[Date "2006.10.01"]
[Round "9.1"]
[White "Sokolov, Andrei"]
[Black "Gabriel, Christian"]
[Result "1-0"]
[WhiteElo "2593"]
[BlackElo "2572"]
[PlyCount "85"]
[EventDate "2006.02.26"]
[EventType "team-tourn"]
[EventRounds "9"]
[EventCountry "SUI"]
[SourceTitle "EXT 2007"]
[Source "ChessBase"]
[SourceDate "2006.11.23"]
[SourceVersion "1"]
[SourceVersionDate "2006.11.23"]
[SourceQuality "1"]
[WhiteTeam "Reichenstein"]
[BlackTeam "Zuerich"]
[WhiteTeamCountry "SUI"]
[BlackTeamCountry "SUI"]

1. e4 e5 2. Nf3 Nc6 3. Bb5 a6 4. Ba4 Nf6 5. 0-0 Be7 6. Re1 b5 7. Bb3 d6 8. c3 0-0 9. h3 Nb8 10. d4 Nbd7 11. Nbd2 Bb7 12. Bc2 Re8 13. a4 Bf8 14. Bd3 c6 15. b4 Nb6 16. axb5 axb5 17. Rxa8 Bxa8 18. Nb3 Qb8 19. dxe5 dxe5 20. Be3 Nfd7 21. Nbd2 Na4 22. Qb3 Qd6 23. Ng5 Qg6 24. c4 Rb8 25. Bc2 h6 26. Ngf3 Qe6 27. c5 Qxb3 28. Nxb3 Be7 29. Ra1 Kf8 30. Na5 Nc3 31. Ra3 Ne2+ 32. Kf1 Nf4 33. Nxe5 Nxe5 34. Bxf4 Bf6 35. Nb3 Rd8 36. Ra7 g5 37. Bxe5 Bxe5 38. Nc1 Bc3 39. Nd3 Rb8 40. Ke2 Bb7 41. Bb3 f6 42. Ke3 Ke7 43. Bd1 1-0

[Event "SUI-chT"]
[Site "Switzerland"]
[Date "2006.09.30"]
[Round "8.2"]
[White "Gabriel, Christian"]
[Black "Gallagher, Joseph G"]
[Result "1-0"]
[WhiteElo "2572"]
[BlackElo "2550"]
[PlyCount "73"]
[EventDate "2006.02.26"]
[EventType "team-tourn"]
[EventRounds "9"]
[EventCountry "SUI"]
[SourceTitle "EXT 2007"]
[Source "ChessBase"]
[SourceDate "2006.11.23"]
[SourceVersion "1"]
[SourceVersionDate "2006.11.23"]
[SourceQuality "1"]
[WhiteTeam "Zuerich"]
[BlackTeam "Biel"]
[WhiteTeamCountry "SUI"]
[BlackTeamCountry "SUI"]

1. d4 Nf6 2. c4 g6 3. Nc3 Bg7 4. e4 d6 5. f4 0-0 6. Nf3 c5 7. dxc5 Qa5 8. Bd3 Qxc5 9. Qe2 Nc6 10. Be3 Qa5 11. Rc1 Bg4 12. 0-0 Nd7 13. Qf2 Nc5 14. Bb1 Bxf3 15. gxf3 Na4 16. Nd1 Rac8 17. Kh1 Qd8 18. Rg1 e6 19. b3 Nc5 20. Nc3 b6 21. f5 Ne5 22. Qe2 Re8 23. Rg3 Nc6 24. Qd2 Qf6 25. Kg2 a6 26. fxg6 fxg6 27. h4 Kh8 28. Ne2 e5 29. Nc3 Ne6 30. Nd5 Qxh4 31. Rh1 Qd8 32. Rxg6 Ncd4 33. Bxd4 Nxd4 34. Rxg7 Kxg7 35. Qh6+ Kg8 36. Qxh7+ Kf8 37. Qg6 1-0

[Event "Bundesliga 0506"]
[Site "Germany"]
[Date "2006.01.29"]
[Round "9.5"]
[White "Beckhuis, Gernod"]
[Black "Gabriel, Christian"]
[Result "1/2-1/2"]
[WhiteElo "2328"]
[BlackElo "2531"]
[PlyCount "79"]
[EventDate "2005.10.21"]
[EventType "team-tourn"]
[EventRounds "15"]
[EventCountry "GER"]
[SourceTitle "CBM 111"]
[Source "ChessBase"]
[SourceDate "2006.04.04"]
[SourceVersion "1"]
[SourceVersionDate "2006.04.04"]
[SourceQuality "1"]
[WhiteTeam "Kirchheim"]
[BlackTeam "Solingen"]
[WhiteTeamCountry "GER"]
[BlackTeamCountry "GER"]

1. d4 Nf6 2. c4 c5 3. d5 e5 4. Nc3 d6 5. e4 Be7 6. Nf3 Nbd7 7. h3 Nf8 8. g3 Ng6 9. h4 Bg4 10. Be2 0-0 11. Ng5 Bxe2 12. Qxe2 Qd7 13. Bd2 a6 14. a4 h6 15. Nh3 Ne8 16. f3 b6 17. Kf1 f5 18. h5 Nh8 19. Kg2 Nf6 20. Nf2 Nf7 21. exf5 Qxf5 22. g4 Qd7 23. Kg3 Nh7 24. Nfe4 Bg5 25. Rhf1 Bxd2 26. Qxd2 Nfg5 27. Qe2 Rf4 28. Nxg5 Nxg5 29. Ne4 Nxf3 30. Qxf3 Rxf3+ 31. Rxf3 Rf8 32. Raf1 Rxf3+ 33. Rxf3 Qxa4 34. Nxd6 Qd1 35. Nf5 b5 36. Ne7+ Kh7 37. Ng6 Qg1+ 38. Kh3 Qh1+ 39. Kg3 Qg1+ 40. Kh3 1/2-1/2

[Event "Bundesliga 0506"]
[Site "Germany"]
[Date "2006.01.28"]
[Round "8.5"]
[White "Gabriel, Christian"]
[Black "Huebner, Robert"]
[Result "1-0"]
[WhiteElo "2531"]
[BlackElo "2637"]
[PlyCount "24"]
[EventDate "2005.10.21"]
[EventType "team-tourn"]
[EventRounds "15"]
[EventCountry "GER"]
[SourceTitle "CBM 111"]
[Source "ChessBase"]
[SourceDate "2006.04.04"]
[SourceVersion "1"]
[SourceVersionDate "2006.04.04"]
[SourceQuality "1"]
[WhiteTeam "Solingen"]
[BlackTeam "Baden-Baden"]
[WhiteTeamCountry "GER"]
[BlackTeamCountry "GER"]

1. d4 d5 2. c4 c6 3. Nf3 Nf6 4. Qb3 dxc4 5. Qxc4 Bf5 6. g3 e6 7. Bg2 Be7 8. 0-0 0-0 9. Qb3 Qb6 10. Nbd2 Rd8 11. Nc4 Qxb3 12. axb3 Rd5 1-0

[Event "Nuremberg LGA Cup 2nd"]
[Site "Nuremberg"]
[Date "2005.09.09"]
[Round "3.1"]
[White "Gabriel, Christian"]
[Black "Giessmann, Stephan"]
[Result "1-0"]
[WhiteElo "2493"]
[BlackElo "2193"]
[PlyCount "67"]
[EventDate "2005.09.08"]
[EventType "swiss"]
[EventRounds "7"]
[EventCountry "GER"]
[SourceTitle "EXT 2022"]
[Source "ChessBase"]
[SourceDate "2021.10.06"]
[SourceVersion "1"]
[SourceVersionDate "2021.10.06"]
[SourceQuality "1"]

1. d4 d5 2. c4 e6 3. Nf3 Nf6 4. Nc3 Be7 5. Bf4 0-0 6. e3 c5 7. dxc5 Bxc5 8. Qc2 Nc6 9. a3 Qe7 10. Bg5 Rd8 11. 0-0-0 dxc4 12. Bxc4 Bd7 13. Bd3 Rac8 14. Kb1 b5 15. Ne4 Bb6 16. Qb3 a6 17. Bc2 Be8 18. Rxd8 Rxd8 19. Rc1 Rd5 20. Qc3 Bd8 21. Bh4 b4 22. axb4 Nxb4 23. Bxf6 gxf6 24. Nxf6+ Qxf6 25. Qxb4 Rb5 26. Qd4 Qxd4 27. Nxd4 Rb6 28. Be4 Bd7 29. Rc5 f5 30. Bc6 Bc8 31. Ba4 Bb7 32. Bb3 Bxg2 33. Rc8 Rd6 34. Nxe6 1-0

[Event "SUI-chT"]
[Site "Switzerland"]
[Date "2005.06.12"]
[Round "5.1"]
[White "Gabriel, Christian"]
[Black "Volke, Karsten"]
[Result "1-0"]
[WhiteElo "2553"]
[BlackElo "2487"]
[PlyCount "81"]
[EventDate "2005.02.27"]
[EventType "team-tourn"]
[EventRounds "9"]
[EventCountry "SUI"]
[SourceTitle "EXT 2006"]
[Source "ChessBase"]
[SourceDate "2005.11.24"]
[SourceVersion "1"]
[SourceVersionDate "2005.11.24"]
[SourceQuality "1"]
[WhiteTeam "Zuerich"]
[BlackTeam "Reichenstein"]
[WhiteTeamCountry "SUI"]
[BlackTeamCountry "SUI"]

1. d4 Nf6 2. c4 e6 3. Nf3 b6 4. a3 Bb7 5. Nc3 d5 6. cxd5 Nxd5 7. e3 g6 8. Bb5+ c6 9. Bd3 Bg7 10. h4 0-0 11. h5 c5 12. hxg6 hxg6 13. Ne4 Nc6 14. Neg5 cxd4 15. exd4 Nde7 16. Nh7 Nxd4 17. Bg5 Nxf3+ 18. gxf3 f6 19. Nxf8 Qxf8 20. Bd2 f5 21. Rc1 Nd5 22. Rc2 Qd6 23. Be2 Rd8 24. Qc1 Rd7 25. Kf1 a6 26. Rh4 b5 27. Bh6 Bf6 28. Bg5 Bg7 29. Qd2 Qb6 30. Kg1 Kf7 31. Qe1 Rc7 32. Bd8 Rxc2 33. Bxb6 Nxb6 34. Qd1 Rc8 35. Qd6 Rc1+ 36. Bf1 Bc6 37. Rh7 Nd5 38. Qe5 Nf6 39. Qc7+ Nd7 40. Qf4 Rd1 41. Qh6 1-0

[Event "SUI-chT"]
[Site "Switzerland"]
[Date "2005.05.22"]
[Round "4.2"]
[White "Gabriel, Christian"]
[Black "Ekstroem, Roland"]
[Result "1-0"]
[WhiteElo "2553"]
[BlackElo "2479"]
[PlyCount "79"]
[EventDate "2005.02.27"]
[EventType "team-tourn"]
[EventRounds "9"]
[EventCountry "SUI"]
[SourceTitle "EXT 2006"]
[Source "ChessBase"]
[SourceDate "2005.11.24"]
[SourceVersion "1"]
[SourceVersionDate "2005.11.24"]
[SourceQuality "1"]
[WhiteTeam "Zuerich"]
[BlackTeam "Riehen"]
[WhiteTeamCountry "SUI"]
[BlackTeamCountry "SUI"]

1. d4 d5 2. c4 e6 3. Nc3 Nf6 4. Bg5 Be7 5. e3 h6 6. Bh4 0-0 7. Rc1 Ne4 8. Bxe7 Qxe7 9. cxd5 Nxc3 10. Rxc3 exd5 11. Qc2 Nc6 12. Be2 Qg5 13. h4 Qf6 14. g4 Re8 15. g5 Qd6 16. Kf1 Re4 17. Bf3 Bf5 18. Qb3 Na5 19. Qb5 b6 20. Bxe4 Bxe4 21. f3 Bb1 22. a3 Nc4 23. Kf2 c6 24. Qb3 Re8 25. Qd1 Bf5 26. Qc1 c5 27. Ne2 Bd7 28. Rd3 cxd4 29. Nxd4 Qg6 30. Rc3 hxg5 31. hxg5 Qxg5 32. Qg1 Qe5 33. Qh2 Qxh2+ 34. Rxh2 Nxb2 35. Rc7 Nd1+ 36. Kg1 Rd8 37. Rh5 Nxe3 38. Re5 Re8 39. Rxe8+ Bxe8 40. Re7 1-0

[Event "Bundesliga 0405"]
[Site "Germany"]
[Date "2005.02.13"]
[Round "11.3"]
[White "Gabriel, Christian"]
[Black "Scheerer, Christoph"]
[Result "1/2-1/2"]
[WhiteElo "2556"]
[BlackElo "2392"]
[PlyCount "73"]
[EventDate "2004.11.12"]
[EventType "team-tourn"]
[EventRounds "15"]
[EventCountry "GER"]
[SourceTitle "CBM 106"]
[Source "ChessBase"]
[SourceDate "2005.06.06"]
[SourceVersion "1"]
[SourceVersionDate "2005.06.06"]
[SourceQuality "1"]
[WhiteTeam "Solingen"]
[BlackTeam "Preetz"]
[WhiteTeamCountry "GER"]
[BlackTeamCountry "GER"]

1. d4 d5 2. c4 Nc6 3. cxd5 Qxd5 4. e3 e5 5. Nc3 Bb4 6. Bd2 Bxc3 7. bxc3 Nf6 8. c4 Qd6 9. d5 Ne7 10. f3 e4 11. Qb3 a5 12. Ne2 c6 13. Nc3 exf3 14. gxf3 0-0 15. e4 b5 16. dxc6 bxc4 17. Bxc4 Nxc6 18. Nb5 Qe7 19. Qa3 Qe5 20. Rc1 Qh5 21. Qe3 Bh3 22. Rg1 Ne5 23. Be2 Rfd8 24. Qf4 Ng6 25. Qg5 h6 26. Qg3 Bd7 27. Nd6 Be6 28. a4 Qh4 29. Qxh4 Nxh4 30. Nb7 Rdb8 31. Nc5 Kf8 32. Bf4 Rc8 33. Bd6+ Kg8 34. Be7 Nd7 35. Kf2 Nxc5 36. Rxc5 Ng6 37. Bd6 1/2-1/2